00558cam a22001935a 450000500170000000800410001701000140005802000260007203500130009803700130011104000130012408200110013710000160014824500370016426000510020127000580025230000280031052000260033820091103014612.0090911s2009 ii ab b 100 0 eng d aENG-95327 a9788131305935c595.00 aEN-78860 aDBAD/PUB aDPLbeng a362.76 aSuriyan, K. aStreet children /cby K. Suriyan aNew Delhi :bAPH Publishing Corporationc2009. a4435-36/7. Ansari road, Darya GanjbNew Delhie110002 axii, 206p.c22 cm. (Hb) aContributed articles.